| 000 | 00621nam a2200217Ia 4500 | ||
|---|---|---|---|
| 003 | GCL | ||
| 005 | 20240530110920.0 | ||
| 008 | 140319s9999 xx 000 0 ara d | ||
| 020 | _a4566802977 | ||
| 040 |
_aGCL / _cGCL |
||
| 082 | 0 | 4 |
_a810.8 _bم م |
| 100 | 0 | _aمصطفى محمود | |
| 245 | 1 | 2 |
_aالمؤامرة الكبرى / _cمصطفى محمود |
| 250 | _aط.1 | ||
| 260 |
_aالقاهرة : _bمطبعة دار اخبار اليوم ، _c1993 |
||
| 300 |
_a181 ص ؛ _c20 سم |
||
| 650 | 0 | 4 | _aالادب العربى |
| 650 | 0 | 4 | _aالقصص العربية |
| 650 | 0 | 4 | _aالادب |
| 942 |
_2ddc _cBK |
||
| 999 |
_c66469 _d66469 |
||